00246 a2200121 4500001000700000020000600007040001100013100003000024240002900054245002400083300000800107362000900115183194 a  cMagnum aPortes, Max de Figueiredo10aÀ sombra da noitelpor10aÀ sombra da noite a1360 a1987